Darfur : (Record no. 698)
[ view plain ]
| 000 -LEADER | |
|---|---|
| fixed length control field | 00710nam a22002172 4500 |
| 001 - CONTROL NUMBER | |
| control field | 0000007202 |
| 005 - DATE AND TIME OF LATEST TRANSACTION | |
| control field | 20151021151111.0 |
| 008 - FIXED-LENGTH DATA ELEMENTS--GENERAL INFORMATION | |
| fixed length control field | 071130s xx 000 0 eng d |
| 020 ## - INTERNATIONAL STANDARD BOOK NUMBER | |
| International Standard Book Number | 1842776971 : |
| Terms of availability | KES 1730 |
| 040 ## - CATALOGING SOURCE | |
| Original cataloging agency | KABU |
| Transcribing agency | KABU |
| 100 1# - MAIN ENTRY--PERSONAL NAME | |
| Personal name | Flint, Julie. |
| -- | 0000158322 |
| 245 10 - TITLE STATEMENT | |
| Title | Darfur : |
| Remainder of title | a short history of a long war / |
| Statement of responsibility, etc. | Julie Flint and Alex de Waal. |
| 260 ## - PUBLICATION, DISTRIBUTION, ETC. (IMPRINT) | |
| Place of publication, distribution, etc. | London : |
| Name of publisher, distributor, etc. | Zed Books, |
| Date of publication, distribution, etc. | 2005. |
| 300 ## - PHYSICAL DESCRIPTION | |
| Extent | xiv, 152 p. |
| 650 #0 - SUBJECT ADDED ENTRY--TOPICAL TERM | |
| Topical term or geographic name as entry element | Sudan |
| Topical term following geographic name as entry element | History |
| General subdivision | Darfur conflict 2003. |
| -- | 0000158323 |
| 650 #0 - SUBJECT ADDED ENTRY--TOPICAL TERM | |
| Topical term or geographic name as entry element | Darfur (Sudan) |
| Topical term following geographic name as entry element | History. |
| -- | 0000158324 |
| 700 1# - ADDED ENTRY--PERSONAL NAME | |
| Personal name | De Waal, Alex. |
| -- | 0000158325 |
| 852 1# - LOCATION | |
| -- | p1730 KES |
| 908 ## - PUT COMMAND PARAMETER (RLIN) | |
| Put command parameter | 071130 |
| 950 ## - LOCAL HOLDINGS (RLIN) | |
| -- | 1 |
| Withdrawn status | Lost status | Source of classification or shelving scheme | Not for loan | Home library | Current library | Date acquired | Total Checkouts | Full call number | Barcode | Date last seen | Date last checked out | Price effective from | Koha item type |
|---|---|---|---|---|---|---|---|---|---|---|---|---|---|
| Library of Congress Classification | Kabarak, Nakuru City Campus | Kabarak, Main Campus | 21/10/2015 | 4 | DT157.673 .F55 c. 1 | 17158 | 09/07/2025 | 23/06/2025 | 21/10/2015 | General Collection | |||
| Library of Congress Classification | Kabarak, Main Campus | Kabarak, Main Campus | 17/12/2015 | 5 | DT157.673 .F55 | 010905 | 04/08/2022 | 03/08/2022 | 17/12/2015 | Africana Collection |